[Event "ESP-chT"]
[Site "Cordoba"]
[Date "1995.??.??"]
[Round "9"]
[White "Pariente Lopez, Francisco"]
[Black "Bayon Fernandez, R."]
[Result "1-0"]
[WhiteElo "2180"]
[BlackElo "2115"]

1.e4 c5 2.Nf3 Nc6 3.d4 cxd4 4.Nxd4 Nf6 5.Nc3 d6 6.Bg5 e6 7.Qd2 a6 8.O-O-O Bd7
9.f4 b5 10.Bxf6 gxf6 11.Nxc6 Bxc6 12.Qe1 Be7 13.Bd3 h5 14.Kb1 Qb6 15.f5 Qc5
16.Qg3 Kd7 17.fxe6+ fxe6 18.Qh3 Rag8 19.Nd5 Rg4 20.Rhe1 Bxd5 21.exd5 Qxd5
22.Bg6 Qg5 23.Bf7 e5 24.Qb3 Qf5 25.Rd3 Rxg2 26.Qd5 Qf2 27.Qb7+ Kd8 28.Rc1 Rg1
29.b3 Rxc1+ 30.Kxc1 Rh7 31.Be6 Ke8 32.Qc8+ Bd8 33.Rxd6 Qe1+ 34.Kb2 Qa5 35.Bf5 Rg7
36.Rxf6 Qc7 37.Qe6+ Be7 38.Bg6+  1-0

[Event "CUB-ch"]
[Site "CUB"]
[Date "1995.??.??"]
[Round "5"]
[White "Arencibia, Walter"]
[Black "Alvarez, Jose"]
[Result "1/2-1/2"]
[WhiteElo "2485"]
[BlackElo "2345"]

1.e4 c5 2.Nf3 d6 3.d4 cxd4 4.Nxd4 Nf6 5.Nc3 Nc6 6.Bg5 Qb6 7.Nb3 e6 8.Be2 Be7
9.Bxf6 gxf6 10.Bh5 Bd7 11.Qd2 Na5 12.O-O Nxb3 13.axb3 Qc5 14.Qe2 a6 15.Kh1 Rg8
16.f4 Rg7 17.f5 O-O-O 18.Bg4 Rdg8 19.Bh3 Qe5 20.b4 Kb8 21.b5 axb5 22.Qe3 Qc5
23.Qxc5 dxc5 24.Rad1 Kc7 25.e5 Bc6 26.fxe6 fxe6 27.exf6 Rxg2 28.Nd5+ Bxd5
29.Rxd5 exd5 30.Bxg2 Bd6 31.Bxd5 Rg5 32.Be4 Re5 33.Rf4 Rh5 34.f7 Bf8 35.Rg4 Kd6
36.Kg2 Ke6 37.Bf3 Rf5 38.Bxb7 Rxf7 39.Re4+ Kd6 40.Ba6 b4  1/2-1/2

[Event "CZE-chT 9495"]
[Site "?"]
[Date "1995.??.??"]
[Round "1"]
[White "Rasik, Vitezslav"]
[Black "Epishin, Vladimir"]
[Result "0-1"]
[WhiteElo "2410"]
[BlackElo "2635"]

1.e4 c5 2.Nf3 d6 3.d4 cxd4 4.Nxd4 Nf6 5.Nc3 Nc6 6.Bg5 e6 7.Qd2 Be7 8.O-O-O O-O
9.f3 a6 10.g4 d5 11.exd5 Nxd5 12.Bxe7 Ncxe7 13.f4 Qa5 14.Nde2 Nxc3 15.Nxc3 b5
16.Bg2 Rb8 17.Qd6 Bb7 18.Bxb7 Rxb7 19.Rhe1 b4 20.Re5 Qc7 21.Ne2 g6 22.Rc5 Qb6
23.h3 Qa7 24.Ng3 Rd7 25.Qxd7 Qxc5 26.Qd4 Rc8 27.Qxc5 Rxc5 28.Rd4 Nd5 29.Ne2 f5
30.g5 Kf7 31.Kd2 Ke7 32.c4 bxc3+ 33.Nxc3 Nxc3 34.bxc3 e5 35.fxe5 Ke6 36.Rd6+ Kxe5
37.Rxa6 f4 38.a4 Ke4 39.a5 Kf3 40.Ra8 Rd5+ 41.Kc2 Kg2 42.c4 Rf5 43.a6 f3
44.a7 Ra5  0-1

[Event "CZE-chT1a"]
[Site "?"]
[Date "1995.??.??"]
[Round "?"]
[White "Kawaciukova, Zuzana"]
[Black "Drbohlav, Frantisek"]
[Result "0-1"]
[WhiteElo "2110"]
[BlackElo "2200"]

1.e4 c5 2.Nf3 d6 3.d4 Nf6 4.Nc3 cxd4 5.Nxd4 Nc6 6.Bg5 a6 7.Bxf6 gxf6 8.Bc4 Qb6
9.Nb3 h5 10.Nd5 Qd8 11.a4 e6 12.Ne3 Na5 13.Nxa5 Qxa5+ 14.c3 Qe5 15.O-O Rg8
16.Re1 Be7 17.Qd2 Qxe4 18.g3 Kf8 19.Bd5 Qg6 20.Bg2 Rb8 21.Nc4 d5 22.Nb6 Bd8
23.a5 Kg7 24.Qf4 e5 25.Qb4 Bxb6 26.axb6 Be6 27.Rad1 Rgd8 28.Qa5 e4 29.c4 dxc4
30.Bxe4 Qg5 31.Qb4 Qb5 32.Qxb5 axb5 33.Rxd8 Rxd8 34.Bxb7 Rb8 35.Bf3 Rxb6
36.Bxh5 b4 37.Rc1 Rd6 38.Be2 b3 39.Kf1 Rd2 40.Bxc4 Rc2 41.Rb1 Bxc4+ 42.Kg2 Bd3
43.Kf3 Rxf2+ 44.Kxf2 Bxb1 45.Ke3 Kg6 46.Kf4 f5  0-1

[Event "CZE-chT1 9596"]
[Site "CZE"]
[Date "1995.??.??"]
[Round "?"]
[White "Havranek, Miroslav"]
[Black "Schula, Michal"]
[Result "1/2-1/2"]
[WhiteElo "2280"]
[BlackElo "2270"]

1.e4 c5 2.Nf3 d6 3.d4 cxd4 4.Nxd4 Nf6 5.Nc3 Nc6 6.Bg5 Bd7 7.Qd2 Nxd4 8.Qxd4 Qa5
9.Bd2 Rc8 10.f3 a6 11.Nd5 Qc5 12.Qxc5 Rxc5 13.Nxf6+ gxf6 14.Bd3 h5 15.Be3 Rc8
16.g3 Bg7 17.O-O-O Bc6 18.Rhf1 e6 19.b3 b5 20.Kb1 Bh6 21.Bd4 Ke7 22.Bb2 h4
23.c4 hxg3 24.hxg3 Be3 25.Rh1 Rcg8 26.cxb5 axb5 27.g4 Bf4 28.Bc1 Bxc1 29.Rxc1 Rxh1
30.Rxh1 d5 31.Re1 d4 32.Rh1 e5 33.a3 Bd7 34.Kb2 Rc8 35.Rc1 Rxc1 36.Kxc1 Kd6
37.Kb2 Kc5 38.Kc2 Be6 39.Kb2 Kb6 40.Kc2 Ka5 41.Kb2 Bc8 42.Kc2 Bd7 43.Kb2 Kb6
44.Kc2 Kc7 45.Kb2 Kd8 46.Kc2 Ke7 47.Kd2 Kf8 48.Bc2 Be6 49.Bd1 Ke7 50.Kc2 Kd6
51.Be2 Kc5 52.Bd3  1/2-1/2

[Event "Dortmund op"]
[Site "Dortmund"]
[Date "1995.??.??"]
[Round "7"]
[White "Rosenberger, Frank"]
[Black "Toel, Karl Ludwig"]
[Result "1-0"]
[WhiteElo "2255"]
[BlackElo "2150"]

1.e4 c5 2.Nf3 Nc6 3.d4 cxd4 4.Nxd4 Nf6 5.Nc3 d6 6.Bg5 e6 7.Qd2 a6 8.O-O-O h6
9.Bf4 Bd7 10.Nxc6 Bxc6 11.Qe1 Qa5 12.f3 Rd8 13.Kb1 Be7 14.h4 b5 15.Bd2 Qc7
16.Ne2 Rc8 17.Ba5 Qb7 18.Nd4 O-O 19.g4 Nd7 20.g5 hxg5 21.hxg5 Bxg5 22.Qg3 Be3
23.Qh3 f5 24.Qh7+ Kf7 25.exf5 Nf6 26.fxe6+  1-0

[Event "Dresden U20"]
[Site "Dresden"]
[Date "1995.??.??"]
[Round "?"]
[White "Dworakowski, Lukasz"]
[Black "Sluka, Radek"]
[Result "0-1"]
[WhiteElo "2375"]
[BlackElo "2310"]

1.e4 c5 2.Nf3 Nc6 3.d4 cxd4 4.Nxd4 Nf6 5.Nc3 d6 6.Bg5 e6 7.Qd2 a6 8.O-O-O h6
9.Bf4 Bd7 10.Nxc6 Bxc6 11.f3 d5 12.Qe1 Bb4 13.a3 Ba5 14.exd5 Nxd5 15.b4 Nxf4
16.Rxd8+ Bxd8 17.h4 O-O 18.Qe3 Nd5 19.Nxd5 Bxd5 20.g4 Rc8 21.Bd3 Rc6 22.Rh3 Bb6
23.Qd2 Rd8 24.Kd1 e5 25.Ke2 Bd4 26.g5 h5 27.g6 fxg6 28.b5 axb5 29.Qa5 Rdc8
30.Qxb5 Bc4 31.Qb1 Bxd3+ 32.cxd3 Rc2+ 33.Ke1 Rc1+  0-1

[Event "Dresden U20"]
[Site "Dresden"]
[Date "1995.??.??"]
[Round "?"]
[White "Dworakowski, Lukasz"]
[Black "Turzo, Attila"]
[Result "1/2-1/2"]
[WhiteElo "2375"]
[BlackElo "2310"]

1.e4 c5 2.Nf3 Nc6 3.d4 cxd4 4.Nxd4 Nf6 5.Nc3 d6 6.Bg5 e6 7.Qd2 a6 8.O-O-O Bd7
9.f4 b5 10.Bxf6 gxf6 11.Nxc6 Bxc6 12.Qe1 Be7 13.Bd3 Qb6 14.Kb1 Qc5 15.f5 Kd7
16.Qg3 Rag8 17.Qh3 Qe5 18.Be2 h5 19.Bf3 Bd8 20.Rd3 Bb6 21.Qh4 b4 22.Ne2 Bb5
23.Rdd1 Rc8 24.Qf4  1/2-1/2

[Event "Dresden U20"]
[Site "Dresden"]
[Date "1995.??.??"]
[Round "?"]
[White "Turzo, Attila"]
[Black "Lauber, Arnd"]
[Result "1/2-1/2"]
[WhiteElo "2310"]
[BlackElo "2290"]

1.e4 c5 2.Nf3 d6 3.d4 cxd4 4.Nxd4 Nf6 5.Nc3 Nc6 6.Bg5 e6 7.Qd2 a6 8.O-O-O h6
9.Bf4 Bd7 10.Nxc6 Bxc6 11.f3 d5 12.Qe1 Bb4 13.a3 Ba5 14.Bd2 Rc8 15.Kb1 dxe4
16.fxe4 Qc7 17.Bd3 Bb6 18.Qe2 Bd4 19.g4 Be5 20.h3 b5 21.h4 Nd7 22.Qf2 Nb6
23.g5 h5 24.Rhf1 Nc4 25.Bxc4 bxc4 26.Bf4 O-O 27.Bxe5 Qxe5 28.Qd4 Qa5 29.e5 Bb7
30.g6 fxg6 31.Qd7 Bd5 32.Nxd5 exd5 33.e6 Qb5 34.Rxf8+ Rxf8 35.Rxd5 Qxd7 36.exd7 Rd8
37.Rd6 Kf7 38.b4 cxb3 39.cxb3 g5 40.hxg5 h4 41.Kc2 h3 42.Rd3 h2 43.Rh3 Kg6
44.Rxh2 Kxg5  1/2-1/2

[Event "Dresden U20"]
[Site "Dresden"]
[Date "1995.??.??"]
[Round "?"]
[White "Murawski, Grzegorz"]
[Black "Lauber, Arnd"]
[Result "1/2-1/2"]
[WhiteElo "2215"]
[BlackElo "2290"]

1.e4 c5 2.Nf3 d6 3.d4 cxd4 4.Nxd4 Nf6 5.Nc3 Nc6 6.Bg5 e6 7.Qd2 a6 8.O-O-O h6
9.Bxf6 Qxf6 10.Nb3 Qd8 11.f4 Be7 12.Kb1 b5 13.Bd3 Bd7 14.Rhe1 b4 15.Ne2 Qb6
16.Ng3 a5 17.Qe3 Qxe3 18.Rxe3 g5 19.f5 h5 20.Bb5 a4 21.Nd4 Nxd4 22.Bxd7+ Kxd7
23.Rxd4 Rab8 24.Red3  1/2-1/2

[Event "Dresden op"]
[Site "Dresden"]
[Date "1995.??.??"]
[Round "?"]
[White "Van den Doel, Erik"]
[Black "Chernyshov, Konstantin"]
[Result "0-1"]
[WhiteElo "2305"]
[BlackElo "2505"]

1.e4 c5 2.Nf3 Nc6 3.d4 cxd4 4.Nxd4 Nf6 5.Nc3 d6 6.Bg5 e6 7.Qd2 a6 8.O-O-O h6
9.Be3 Nxd4 10.Bxd4 b5 11.f4 Be7 12.Be2 b4 13.Na4 Nxe4 14.Qe3 d5 15.Bd3 Nf6
16.Nb6 Rb8 17.Nxc8 Qxc8 18.g4 Qc6 19.g5 hxg5 20.fxg5 Ne4 21.Bxe4 dxe4 22.Bxg7 Rc8
23.Kb1 Qxc2+ 24.Ka1 Rxh2 25.Rhf1 f6 26.Rb1 Rc3 27.Qb6 Ra3 28.Qxe6 b3 29.Qg8+ Kd7
30.Qd5+ Kc7  0-1

[Event "Dresden op"]
[Site "Dresden"]
[Date "1995.??.??"]
[Round "?"]
[White "Polzin, Rainer"]
[Black "Chernyshov, Konstantin"]
[Result "0-1"]
[WhiteElo "2410"]
[BlackElo "2505"]

1.e4 c5 2.Nf3 Nc6 3.d4 cxd4 4.Nxd4 Nf6 5.Nc3 d6 6.Bg5 e6 7.Qd2 a6 8.O-O-O h6
9.Be3 Nxd4 10.Bxd4 b5 11.Bd3 Be7 12.f4 e5 13.fxe5 Ng4 14.Qe2 dxe5 15.Bc5 O-O
16.Bc4 Qc7 17.Bxe7 Qxe7 18.Bb3 Nf6 19.Nd5 Nxd5 20.Bxd5 Ra7 21.Qe3 Rc7 22.Rd2 b4
23.Rf1 Kh8 24.Qb6 f6 25.h3 Qc5 26.Qxc5 Rxc5 27.g4 Kh7 28.Bb3 Kg6 29.Rh2 Bb7
30.Re1 Rd8 31.h4 Rd4 32.Be6 Bc8 33.Bf5+ Bxf5 34.gxf5+ Kh5 35.Rg2 Rc7 36.b3 Rd3
37.Rxg7 Rxg7 38.cxd3 Rg2 39.Kb1 Kxh4 40.Rd1 h5 41.d4 exd4 42.Rxd4 Kg3 43.Rd6 h4
44.Rxf6 h3 45.Rh6 h2 46.f6 Rg1+ 47.Kc2 h1=Q 48.Rxh1 Rxh1 49.e5 Rf1 50.Kd3 Rf4  0-1

[Event "Eger"]
[Site "Eger"]
[Date "1995.??.??"]
[Round "?"]
[White "Birk, Steffen"]
[Black "Baum, Bernd"]
[Result "1-0"]
[WhiteElo "2270"]
[BlackElo "2245"]

1.e4 c5 2.Nf3 Nc6 3.d4 cxd4 4.Nxd4 Nf6 5.Nc3 d6 6.Bg5 Bd7 7.Bxf6 gxf6 8.Be2 Rg8
9.g3 Nxd4 10.Qxd4 Qa5 11.O-O f5 12.exf5 Bg7 13.Qe3 Bxc3 14.bxc3 Qxf5 15.Bd3 Qh3
16.Rfe1 e6 17.Be4 Bc6 18.Bxc6+ bxc6 19.Rab1 Qf5 20.Rb7 Rg5 21.Qd4 Kf8 22.Qxd6+ Kg8
23.Qxc6 Rd8 24.Rxa7 Rd2 25.Rf1 Rh5 26.Ra8+ Kg7 27.Qe8 Rxh2 28.Qh8+ Kh6 29.Rg8  1-0

[Event "Eger"]
[Site "Eger"]
[Date "1995.??.??"]
[Round "?"]
[White "Birk, Steffen"]
[Black "Titz, Heimo"]
[Result "1-0"]
[WhiteElo "2270"]
[BlackElo "2345"]

1.e4 c5 2.Nf3 Nc6 3.d4 cxd4 4.Nxd4 Nf6 5.Nc3 d6 6.Bg5 e6 7.Qd2 a6 8.O-O-O h6
9.Be3 Bd7 10.f4 b5 11.Bd3 Be7 12.h3 Nxd4 13.Bxd4 Bc6 14.Qe3 Qc7 15.e5 Nd5
16.Nxd5 Bxd5 17.Kb1 O-O 18.f5 dxe5 19.Bxe5 Bd6 20.Bxd6 Qxd6 21.f6 Rfd8 22.fxg7 Kxg7
23.Qd4+ Kg8 24.Qg4+ Kh8 25.Qh5 Qf8 26.Rhf1 f5 27.g4 f4 28.Qe5+ Qg7 29.Qxf4 Rf8
30.Qe3 b4 31.h4 a5 32.g5 Rxf1 33.Rxf1 hxg5 34.hxg5 Rf8 35.Rxf8+ Qxf8 36.Qh3+  1-0

[Event "Elenite"]
[Site "Elenite"]
[Date "1995.??.??"]
[Round "9"]
[White "Kolev, Atanas"]
[Black "Tukmakov, Vladimir B"]
[Result "1-0"]
[WhiteElo "2500"]
[BlackElo "2600"]

1.e4 c5 2.Nf3 d6 3.d4 cxd4 4.Nxd4 Nf6 5.Nc3 Nc6 6.Bg5 e6 7.Qd2 a6 8.O-O-O h6
9.Be3 Be7 10.f4 Nxd4 11.Bxd4 b5 12.Kb1 b4 13.Na4 Nxe4 14.Qxb4 d5 15.Qe1 Bf6
16.Bd3 Bd7 17.Bxe4 Bxa4 18.Bxf6 Qxf6 19.Qb4 Bd7 20.Bf3 g5 21.Rhe1 Qxf4 22.Qxf4 gxf4
23.c4 Rb8 24.cxd5 Rb4 25.a3 Rb6 26.Re4 Ke7 27.dxe6 Bxe6 28.Rxf4 a5 29.b4 Rc8
30.Rc1 axb4 31.Rxb4 Rcb8 32.Rc7+ Kd6 33.Rb7 R6xb7 34.Rxb7 Rc8 35.Kb2 Kc5
36.a4 Rd8 37.Kc3 Bd7 38.a5 Bb5 39.Rc7+  1-0

[Event "RUS-ch"]
[Site "Elista"]
[Date "1995.??.??"]
[Round "2"]
[White "Dvoirys, Semen I"]
[Black "Aseev, Konstantin N"]
[Result "1/2-1/2"]
[WhiteElo "2580"]
[BlackElo "2530"]

1.e4 c5 2.Nf3 d6 3.d4 cxd4 4.Nxd4 Nf6 5.Nc3 Nc6 6.Bg5 e6 7.Qd2 a6 8.O-O-O Bd7
9.f4 h6 10.Bh4 Rc8 11.Nf3 Be7 12.e5 dxe5 13.Nxe5 Nxe5 14.fxe5 Nd5 15.Bxe7 Qxe7
16.Nxd5 exd5 17.Qxd5 Be6 18.Qd6 Bxa2 19.g3 Be6 20.Bg2 Rc7 21.Rhf1 O-O 22.Rf4 Rfc8
23.Qxe7 Rxe7 24.Rd6 Rc5 25.Rb6 Bc8 26.Re4 a5 27.Bf3 g6 28.c3 Kg7 29.Kd2 Bf5
30.Re3 Rec7 31.b3 Rd7+ 32.Rd6 Re7 33.Bd5 Be6 34.Bxe6 Rxe6 35.Rxe6 fxe6 36.c4 a4
37.Kc3 axb3 38.Kd4 Rc7 39.Rxb3 Rd7+ 40.Ke4 g5 41.Rb6 Kf7 42.h4 Rc7 43.Kd4 Rd7+
44.Rd6 Re7 45.c5 Kg7 46.Ke4 h5 47.hxg5 Kg6 48.Rd8 Kxg5 49.Rg8+ Kh6 50.Rf8 Kg5
51.Rf6 Rc7 52.Rxe6 Rxc5 53.Rb6 Rc1 54.Rxb7 Re1+ 55.Kd5 Kf5 56.Rf7+ Kg4 57.Rh7 Rh1
58.Rg7+ Kf5 59.Rf7+ Kg4 60.Rg7+ Kf5 61.Rf7+ Kg4 62.e6 Rd1+ 63.Ke5 Re1+ 64.Kf6 Kxg3
65.Rg7+ Kf4 66.e7 h4 67.Rg8  1/2-1/2

[Event "RUS-ch"]
[Site "Elista"]
[Date "1995.??.??"]
[Round "8"]
[White "Dvoirys, Semen I"]
[Black "Sher, Miron N"]
[Result "0-1"]
[WhiteElo "2580"]
[BlackElo "2510"]

1.e4 c5 2.Nf3 d6 3.d4 cxd4 4.Nxd4 Nf6 5.Nc3 Nc6 6.Bg5 e6 7.Qd2 a6 8.O-O-O h6
9.Be3 Qc7 10.f4 Bd7 11.Qe1 b5 12.Bd3 Be7 13.Qg3 h5 14.h3 Rc8 15.Kb1 Nb4 16.Rc1 Nxd3
17.cxd3 Qb8 18.Rhf1 b4 19.Nce2 Rxc1+ 20.Nxc1 g6 21.f5 gxf5 22.exf5 e5 23.Nc2 h4
24.Qe1 Nd5 25.Bd2 a5 26.d4 f6 27.dxe5 dxe5 28.Qe4 Qb5 29.Re1 Rg8 30.Ne3 Nxe3
31.Bxe3 Qc6 32.Qxh4 Bxf5+ 33.Ka1 Rxg2 34.Ne2 Qe4 35.Qh6 Bg6 36.Nf4 exf4  0-1

[Event "Enghien les Bains"]
[Site "Enghien les Bains"]
[Date "1995.??.??"]
[Round "6"]
[White "Fontaine, Robert"]
[Black "Rausis, Igors"]
[Result "1/2-1/2"]
[WhiteElo "2285"]
[BlackElo "2515"]

1.e4 c5 2.Nf3 Nc6 3.d4 cxd4 4.Nxd4 Nf6 5.Nc3 d6 6.Bg5 e6 7.Qd2 Be7 8.O-O-O Nxd4
9.Qxd4 O-O 10.f4 Qa5 11.Bc4 Bd7 12.Rhe1 b5 13.e5 dxe5 14.fxe5 bxc4  1/2-1/2

[Event "Catalunya-chT"]
[Site "ESP"]
[Date "1995.??.??"]
[Round "?"]
[White "Tejero, Jorge"]
[Black "Campos Moreno, Javier B"]
[Result "0-1"]
[WhiteElo "2260"]
[BlackElo "2455"]

1.e4 c5 2.Nf3 Nc6 3.d4 cxd4 4.Nxd4 Nf6 5.Nc3 d6 6.Bg5 e6 7.Qd2 Be7 8.O-O-O O-O
9.f4 Nxd4 10.Qxd4 Qa5 11.Bc4 Bd7 12.e5 dxe5 13.fxe5 Bc6 14.Bd2 Nd7 15.Nd5 Qc5
16.Nxe7+ Qxe7 17.Rhe1 Rfd8 18.Qg4 Nf8 19.Bd3 Rxd3 20.cxd3 Qd7 21.Kb1 Qxd3+
22.Ka1 h5 23.Qxh5 Ba4 24.Re3 Bxd1 25.Qxd1 Qd5 26.Qe2 Rd8 27.Bc1 Ng6 28.g3 Ne7
29.Rc3 Nc6 30.Kb1 Nxe5 31.Rc7 Nd3 32.a3 a5 33.Qf1 e5 34.Bg5 Re8  0-1

[Event "FIN-chT"]
[Site "FIN"]
[Date "1995.??.??"]
[Round "?"]
[White "Rantanen, Yrjo A"]
[Black "Veingold, Aleksandr"]
[Result "1/2-1/2"]
[WhiteElo "2340"]
[BlackElo "2410"]

1.e4 c5 2.Nf3 Nc6 3.d4 cxd4 4.Nxd4 Nf6 5.Nc3 d6 6.Bg5 e6 7.Qd2 a6 8.O-O-O h6
9.Bf4 Bd7 10.Nxc6 Bxc6 11.f3 d5 12.Qe1 Bb4 13.a3 Ba5 14.exd5 Nxd5 15.Bd2  1/2-1/2

[Event "Foment op"]
[Site "Foment"]
[Date "1995.??.??"]
[Round "2"]
[White "Ruiz, Agustin"]
[Black "Gomez Jurado, Luis Alberto"]
[Result "0-1"]
[WhiteElo "2205"]
[BlackElo "2275"]

1.e4 c5 2.Nf3 d6 3.d4 cxd4 4.Nxd4 Nf6 5.Nc3 Nc6 6.Bg5 e6 7.f4 h6 8.Bh4 Be7
9.Be2 Nxe4 10.Bxe7 Nxc3 11.Bxd8 Nxd1 12.Rxd1 Nxd4 13.Rxd4 Kxd8 14.Rxd6+ Ke7
15.Rd4 Bd7 16.Bf3 Rac8 17.c3 b5 18.Kf2 a5 19.Rhd1 Rc7 20.Ke3 g5 21.fxg5 hxg5
22.h3 f5 23.Rd6 Rb8 24.Ra6 b4 25.c4 a4 26.b3 axb3 27.axb3 Bc8 28.Ra5 Rd7
29.Rxd7+ Bxd7 30.c5 Rc8 31.Kd4 Kf6 32.Kc4 e5 33.Ra6+ Ke7 34.Bd5 Rb8 35.c6 Bc8
36.Ra5 Kd6 37.Bf7 Rb6 38.Rd5+ Ke7 39.Kc5 Ra6 40.Bg8 Ra5+ 41.Kb6 Rxd5 42.Bxd5 Kd6
43.Bc4 e4 44.Kb5 f4 45.Be2 Kc7 46.Kxb4 Kxc6 47.Kc3 Kd5 48.b4 Bb7 49.Kd2 Kd4
50.Bf1 e3+ 51.Ke1 Bd5 52.b5 Kc5 53.Kd1 Bb3+ 54.Ke1 Ba4 55.Be2 Bxb5  0-1

[Event "Frydek-Mistek op-B"]
[Site "Frydek-Mistek"]
[Date "1995.??.??"]
[Round "?"]
[White "Widera, Jan"]
[Black "Volosjuk, Julia"]
[Result "1-0"]
[WhiteElo "2200"]
[BlackElo "2120"]

1.e4 c5 2.Nf3 d6 3.d4 cxd4 4.Nxd4 Nf6 5.Nc3 Nc6 6.Bg5 e6 7.Qd2 a6 8.O-O-O h6
9.Be3 Ng4 10.Nxc6 bxc6 11.Bc5 d5 12.Bxf8 Kxf8 13.h3 Nf6 14.g4 Bd7 15.e5 Ne8
16.f4 c5 17.Bg2 Rb8 18.Rhf1 Qb6 19.b3 Qa5 20.Kb2 Nc7 21.f5 Ke7 22.Nxd5+  1-0

[Event "Peer Gynt"]
[Site "Gausdal"]
[Date "1995.??.??"]
[Round "2"]
[White "Sutovskij, Emil"]
[Black "Ivanov, M."]
[Result "1-0"]
[WhiteElo "2530"]
[BlackElo "2450"]

1.e4 c5 2.Nf3 d6 3.d4 cxd4 4.Nxd4 Nf6 5.Nc3 Nc6 6.Bg5 e6 7.Qd2 a6 8.O-O-O h6
9.Bf4 Bd7 10.Nxc6 Bxc6 11.Qe1 Qa5 12.f3 e5 13.Be3 b5 14.Kb1 Be7 15.Qg3 g6
16.Nd5 Bxd5 17.exd5 Rc8 18.c3 Qc7 19.Qf2 Nd7 20.f4 exf4 21.Bxf4 Bg5 22.Re1+ Kf8
23.Bxg5 hxg5 24.Bd3 Qc5 25.Qf3 Ne5 26.Rxe5 dxe5 27.Bxg6 Rc7 28.Rf1 Qd6 29.Bxf7 Kg7
30.Qf5 Rf8 31.Qxg5+ Kh8 32.Rf6  1-0

[Event "Gausdal Int"]
[Site "Gausdal"]
[Date "1995.??.??"]
[Round "2"]
[White "Kotronias, Vasilios"]
[Black "Thorhallsson, Throstur"]
[Result "1-0"]
[WhiteElo "2570"]
[BlackElo "2420"]

1.e4 c5 2.Nf3 d6 3.d4 cxd4 4.Nxd4 Nf6 5.Nc3 Nc6 6.Bg5 Bd7 7.Qd2 Rc8 8.O-O-O Nxd4
9.Qxd4 Qa5 10.Bd2 e5 11.Qd3 Rxc3 12.Bxc3 Qxa2 13.f3 g6 14.Kd2 Qe6 15.Ke1 Bc6
16.Bb4 d5 17.Bxf8 Kxf8 18.exd5 Nxd5 19.Qa3+ Kg7 20.Bc4 e4 21.Bxd5 Bxd5 22.Qc3+ f6
23.Qc7+ Kh6 24.Qf4+ g5 25.Qe3 exf3 26.Qxe6 Bxe6 27.gxf3 Rc8 28.c3 Kg6 29.Rd6 Bc4
30.Kf2 Rc5 31.h4 h6 32.h5+ Kf5 33.Re1 a5 34.Re7 Rb5 35.Rd2 a4 36.Rh7 Rb3
37.Rxh6 a3 38.bxa3 Rxc3 39.Rh7 Kf4 40.Rd4+ Kf5 41.Rxb7 Rc2+ 42.Ke1 Bg8  1-0

[Event "Gausdal Int"]
[Site "Gausdal"]
[Date "1995.??.??"]
[Round "5"]
[White "Westerinen, Heikki MJ"]
[Black "Kotronias, Vasilios"]
[Result "0-1"]
[WhiteElo "2405"]
[BlackElo "2570"]

1.e4 c5 2.Nf3 Nc6 3.d4 cxd4 4.Nxd4 Nf6 5.Nc3 d6 6.Bg5 e6 7.Qd2 Be7 8.O-O-O O-O
9.f4 Nxd4 10.Qxd4 Qa5 11.e5 dxe5 12.Qxe5 Qxe5 13.fxe5 Nd5 14.Bxe7 Nxe7 15.Bd3 b6
16.Be4 Rb8 17.Rhe1 Bb7 18.Rd7 Bxe4 19.Rxe4 Nc6 20.Rc7 Rfc8 21.Rxc8+ Rxc8
22.Rc4 Ne7 23.Rxc8+ Nxc8 24.Kd2 Kf8 25.Kd3 Ke8 26.Ne4 h6 27.b4 Kd7 28.b5 Ne7
29.g3 Nd5 30.a3 f5 31.Nd2 g5 32.c4 Ne7 33.c5 bxc5 34.Nb3 Kc7 35.Nxc5 Kb6
36.Kc4 Ng6 37.Kb4 f4 38.gxf4 gxf4 39.a4 f3 40.Nd3 Kc7 41.Kc5 Nxe5 42.Nf2 Nd7+
43.Kd4 Kb6 44.Ke3 Ka5 45.Kxf3 Kxa4 46.b6 Nxb6 47.h4 Kb3 48.Nd3 Nd7 49.Kg4 Nf6+
50.Kf4 Kc4 51.Ne5+ Kd5 52.Nf7 Ng8 53.Ne5 Nf6 54.Nf7 a5 55.Ke3 Ng4+ 56.Kd2 e5  0-1

[Event "Peer Gynt"]
[Site "Gausdal"]
[Date "1995.??.??"]
[Round "6"]
[White "Sutovskij, Emil"]
[Black "Thorhallsson, Throstur"]
[Result "0-1"]
[WhiteElo "2530"]
[BlackElo "2420"]

1.e4 c5 2.Nf3 d6 3.d4 cxd4 4.Nxd4 Nf6 5.Nc3 Nc6 6.Bg5 Bd7 7.Qd2 Rc8 8.f4 Nxd4
9.Qxd4 Qa5 10.e5 dxe5 11.fxe5 e6 12.O-O-O Bc6 13.Nb5 Bxb5 14.exf6 g6 15.h4 Bc6
16.Bc4 Bc5 17.Qe5 Bb4 18.Qxa5 Bxa5 19.h5 gxh5 20.Rxh5 Bxg2 21.Bb5+ Bc6 22.Bxc6+ Rxc6
23.Bh6 Bc7 24.c3 Rg8 25.Bg7 Rd6 26.Rdh1 Kd7 27.Rxh7 e5 28.R7h5 Ke6 29.Re1 Rd3
30.Kc2 Rgd8 31.Re2 Rf3 32.Rh4 Rd7 33.Rh8 Rd8 34.Rh4 Bb6 35.a4 Rf2 36.Rxf2 Bxf2
37.Rb4 Rd7 38.a5 Kf5 39.Rc4 e4 40.Rc8 Bh4 41.Rc5+ Kg4 42.c4 e3 43.Re5 Kf4
44.Re8 Kf3 45.Bf8 Bxf6 46.Bc5 Bd4 47.Bxd4 Rxd4 48.a6 bxa6 49.c5 Rd2+ 50.Kc3 Rd1
51.c6 e2 52.c7 e1=Q+  0-1

[Event "Peer Gynt"]
[Site "Gausdal"]
[Date "1995.??.??"]
[Round "7"]
[White "Steingrimsson, Hedinn"]
[Black "Ivanov, M."]
[Result "1-0"]
[WhiteElo "2410"]
[BlackElo "2450"]

1.e4 c5 2.Nf3 d6 3.d4 cxd4 4.Nxd4 Nf6 5.Nc3 Nc6 6.Bg5 e6 7.Qd2 h6 8.Bxf6 gxf6
9.O-O-O a6 10.Bc4 Qb6 11.Nce2 Bd7 12.f4 h5 13.Kb1 Qc5 14.Bb3 O-O-O 15.f5 Qe5
16.Qd3 Re8 17.g3 Kb8 18.Rhf1 Na5 19.Nf4 Rh6 20.fxe6 fxe6 21.Nfxe6 Rxe6 22.Rf5 Re8
23.Rxe5 dxe5 24.Ne2 Bg4 25.Bd5 Rd8 26.Rd2 Nc6 27.a3 Rh7 28.Ng1 Bc5 29.Nf3 Rc7
30.Nh4 Ne7 31.c4 a5 32.Qc3 b6 33.Ka2 Nxd5 34.Rxd5 Rxd5 35.cxd5 a4 36.Qc2 Bxa3
37.Qxa4 Bc5 38.Qe8+ Rc8 39.Qf7 Rf8 40.Qg7 Be2 41.Ng6 Rc8 42.Qxf6 Bd4 43.Nxe5 Ka8
44.Qe6 Rc2 45.Nc6 Bc4+ 46.Kb1  1-0

[Event "Geneve op"]
[Site "Geneve"]
[Date "1995.??.??"]
[Round "6"]
[White "Masserey, Yvan"]
[Black "Kelecevic, Nedeljko"]
[Result "1/2-1/2"]
[WhiteElo "2345"]
[BlackElo "2450"]

1.e4 c5 2.Nf3 Nc6 3.d4 cxd4 4.Nxd4 Nf6 5.Nc3 d6 6.Bg5 e6 7.Qd2 a6 8.O-O-O h6
9.Be3 Nxd4 10.Qxd4 Qc7 11.f4 b5 12.Be2 Bb7 13.Bf3 Rc8 14.Kb1 Be7 15.Rd2 O-O
16.a3 Nd7 17.Rhd1 Nc5 18.e5 Rfd8 19.Bxb7 Qxb7 20.b4  1/2-1/2

[Event "BL2-N9495"]
[Site "Germany"]
[Date "1995.??.??"]
[Round "?"]
[White "Behnk, Rolf"]
[Black "Vogel, Robert"]
[Result "0-1"]
[WhiteElo "2320"]
[BlackElo "2310"]

1.e4 c5 2.Nf3 Nc6 3.d4 cxd4 4.Nxd4 Nf6 5.Nc3 d6 6.Bg5 e6 7.Qd2 Be7 8.O-O-O O-O
9.Be2 Nxd4 10.Qxd4 Qa5 11.Bd2 Rd8 12.Nd5 Qxa2 13.Nxe7+ Kf8 14.Bb4 e5 15.Qd3 Qa1+
16.Kd2 Qa4 17.Ba3 Kxe7 18.Kc1 Nxe4 19.Qe3 Be6 20.Rhf1 Rac8 21.Bd3 f5 22.f4 Bb3
23.Bxe4 Bxc2 24.Bc6 Be4 25.Rf2 Rxc6+ 26.Kd2 Qd4+ 27.Qxd4 exd4 28.Rc1 Rdc8
29.Rff1 Rc2+ 30.Rxc2 Rxc2+ 31.Kd1 Rxg2 32.h4 Ke6 33.h5 Kd5 34.h6 gxh6 35.Rh1 Rd2+
36.Kxd2 Bxh1 37.Bb4 Be4 38.Ke2 h5 39.Bd2  0-1

[Event "NRW-Liga II 9495"]
[Site "Germany"]
[Date "1995.??.??"]
[Round "?"]
[White "Blaskowski, Johannes"]
[Black "Schoen, Wolfram"]
[Result "0-1"]
[WhiteElo "2300"]
[BlackElo "2390"]

1.e4 c5 2.Nf3 Nc6 3.d4 cxd4 4.Nxd4 Nf6 5.Nc3 d6 6.Bg5 e6 7.Qd2 Be7 8.O-O-O Nxd4
9.Qxd4 O-O 10.f4 Qa5 11.Bc4 Bd7 12.e5 dxe5 13.fxe5 Bc6 14.Bd2 Nd7 15.Nd5 Qc5
16.Nxe7+ Qxe7 17.Rhe1 Rfd8 18.Qg4 Nf8 19.Bd3 Rxd3 20.cxd3 Qd7 21.Re3 Ng6
22.Rg3 Qd5 23.Bc3 Qxa2 24.Kd2 Rd8 25.h4 h5 26.Qxh5 Qc4 27.Qg5 Qxh4 28.Qxh4 Nxh4
29.Rh1 Ng6 30.Rg4 a6 31.Ke3 Rd5 32.d4 Ne7 33.Kf2 Nf5 34.Rf4 Rd7 35.Rh3 Rd8
36.Rd3 Ne7 37.Rh4 Ng6 38.Rh1 Nxe5 39.Rg3 Ng6 40.Re1 Bd5 41.Ba5 Rc8 42.Rc3 Rxc3
43.bxc3 Nf4 44.Rg1 Nd3+ 45.Ke2 Nb2 46.g4 Nc4 47.Bc7 Kh7 48.Kd3 Kg6 49.Bf4 b5
50.Ra1 a5 51.Rb1 Bc6 52.d5 Bxd5 53.Rxb5 a4 54.Rb1 a3 55.Kd4 a2 56.Rc1 Na3
57.c4 Nb1  0-1

[Event "BL9495 (Women)"]
[Site "Germany"]
[Date "1995.??.??"]
[Round "203"]
[White "Koglin, Anke"]
[Black "Wagner Michel, Annett"]
[Result "1-0"]
[WhiteElo "2225"]
[BlackElo "2180"]

1.e4 c5 2.Nf3 Nc6 3.d4 cxd4 4.Nxd4 Nf6 5.Nc3 d6 6.Bg5 e6 7.Qd2 a6 8.O-O-O Bd7
9.f4 b5 10.Bxf6 gxf6 11.Nxc6 Bxc6 12.Bd3 Qb6 13.Qe1 O-O-O 14.Kb1 h5 15.Qh4 Qb7
16.Qxf6 Rg8 17.Qh4 b4 18.Ne2 Bxe4 19.Bxe4 Qxe4 20.Ng3 Qxg2 21.Qxh5 Qb7 22.Rhe1 Bg7
23.Ne4 d5 24.Nc5 Qa7 25.Nd3 Qe7 26.Qe2 Qd6 27.Ne5 Bxe5 28.fxe5 Qb6 29.Rf1 Rg7
30.Rd3 Rdg8 31.Rdf3 Rg2 32.Qd3 R8g7 33.c4 bxc3 34.Qxc3+ Kd8 35.Qa3 Rg1 36.Qf8+ Kd7
37.Rxf7+ Rxf7 38.Qxf7+ Kd8 39.a3 Qe3 40.Qf8+ Kd7 41.Qd6+ Ke8 42.Qxe6+  1-0

[Event "NRW-Liga I 9495"]
[Site "Germany"]
[Date "1995.??.??"]
[Round "?"]
[White "Wehmeier, Stefan"]
[Black "Pieper Emden, Carsten"]
[Result "1-0"]
[WhiteElo "2325"]
[BlackElo "2355"]

1.e4 c5 2.Nf3 Nc6 3.d4 cxd4 4.Nxd4 Nf6 5.Nc3 d6 6.Bg5 e6 7.Qd2 Be7 8.O-O-O a6
9.f4 h6 10.Bxf6 gxf6 11.f5 Bd7 12.fxe6 fxe6 13.Bc4 Nxd4 14.Qxd4 Qa5 15.Kb1 O-O-O
16.Ne2 Qc7 17.Rd3 Kb8 18.Rb3 Ka8 19.Rc3 Qb8 20.Qd3 d5 21.exd5 exd5 22.Bxd5 Bb5
23.Qf3 Bxe2 24.Qxe2 Rxd5 25.Qxe7 Qxh2 26.Rc1 Qe5 27.Qg7 f5 28.Qf7 Rb5 29.Qc4 Rd8
30.b3 Rb6 31.Rf3 Rg6 32.Rcf1 Rxg2 33.Rxf5 Qe2 34.Rf8 Qe7 35.R8f7 Qe5 36.a4 Rg6
37.Rxb7 Kxb7 38.Qf7+ Kb6 39.Qxg6+ Rd6 40.Qf7 h5 41.Qf8 h4 42.Qb8+ Kc6 43.Qc8+ Kb6
44.b4 Rd4 45.c3 Rd5 46.a5+ Kb5 47.c4+  1-0